Capitales à partir de leur nom traduit en français - Statistiques

Statistiques générales
  • Ce quiz a été pris 247 fois
  • Le résultat moyen est 4 sur 14
Statistiques - réponses
Traduction Capitale % Correct
Ville de George Georgetown
86%
Ville du roi Kingstown
67%
Bon vent Buenos Aires
45%
Ville du Pont Bridgetown
44%
Saint-Sauveur San Salvador
44%
Saint-Thomas São Tomé
25%
Saint-Jacques Santiago
22%
Je vois une montagne Montevideo
13%
Héros rouge Oulan-Bator
12%
Baie-des-Fumées Reykjavik
2%
Lundi Douchanbé
1%
Cité royale Naypyidaw
1%
La localité calme Pyongyang
1%
Ville bénie Bandar SeriBegawan
0%
Aucun quiz correspondant
Distribution des résultats
% des personnes avec chaque résultat
Percentile par nombre de réponses
Votre historique - résultats
Vous n’avez pas pris ce quiz